Online Catalogue and eLibrary

Neervai ponnaiyan sirukathaikal (Record no. 3761)

MARC details
000 -LEADER
fixed length control field 00413nam a2200157Ia 4500
005 - DATE AND TIME OF LATEST TRANSACTION
control field 20250321081141.0
008 - FIXED-LENGTH DATA ELEMENTS--GENERAL INFORMATION
fixed length control field 240331s9999 xx 000 0 und d
020 ## - INTERNATIONAL STANDARD BOOK NUMBER
ISBN 9789555021609
082 ## - DDC Classification
Item Number - Author Mark PON
Class No. 894
100 ## - MAIN ENTRY--PERSONAL NAME
Personal name Ponnaiyan, N
245 #0 - TITLE STATEMENT
Title Neervai ponnaiyan sirukathaikal
260 ## - PUBLICATION, DISTRIBUTION, ETC.
Place of publication, distribution, etc. Colombo
Name of publisher, distributor, etc. Ilankai mootpoku kalai illakiyapperavai
Date of publication, distribution, etc. 2007
300 ## - PHYSICAL DESCRIPTION
Extent (e.g. Volumes, Pages etc.) 256 p .,
650 ## - SUBJECT ADDED ENTRY--TOPICAL TERM
Topical term or geographic name entry element Short stories
942 ## - Koha item type (Biblio)
Koha item type Books in Stacks (Lending)
Holdings
Lost status Damaged status Collection code Home library Current library Shelving location Date acquired Full call number Accession Number Item type
    Lending WERC Library WERC Library Social Science Cupboard 03/31/2024 894.811 PON 5878 Books in Stacks (Lending)

© WERC Library